Footprint South America handbook 2013.

Bibliographic Details
Main Author: Box
Format: Book
Published: Bath, UK: Footprint, 2012.
Edition:89th ed.
Subjects:
LEADER 00590cam a2200229 7i4500
001 0000029178
005 20130926090000.0
020 0 0 |a 9781907263620  
090 0 0 |a AM. L 918.04   |b BOX 
100 1 0 |a Box  
245 1 0 |a Footprint South America handbook 2013. 
250 0 0 |a 89th ed. 
260 0 0 |a Bath, UK:   |b Footprint,   |c 2012. 
300 # # |a 1816 p. 
650 0 0 |a Latin America --   |x Guidebooks  
651 0 0 |a Chile  
651 0 0 |a Brazil  
651 0 0 |a Colombia  
651 0 0 |a Latin America  
651 0 0 |a Argentina  
651 0 0 |a Bolivia  
999 |a B000032665  |b Book  |c Regions  |e Business Information Centre